| 000 | 01540nam a2200241Ia 4500 | ||
|---|---|---|---|
| 001 | 18604 | ||
| 003 | GE_BSU | ||
| 008 | 181216s||||||||xx |||||||||||||| ||und|| | ||
| 040 | _cGE_BSU | ||
| 080 | _a94(479.223)(063) | ||
| 245 | _aსამხრეთ-დასავლეთ საქართველო (ისტორია,არქეოლოგია,ეთნოლოგია)VI | ||
| 245 | _bსაერთაშორისო სამეცნიერო კონფერენციის მასალები | ||
| 245 | _cსარედ.საბჭ:მაია ივანიშვილი,თამაზ ფუტკარაძე,რედ:ნარგიზ ბასილაძე და სხვ. | ||
| 250 | _aაჭარის ავტონომიური რესპუბლიკის მთავრობის საქვეუწყებო დაწესებულება-საარქივო სამმართველო:Sub-department of Ajara Autonomous Republic Government-Archives Administration. | ||
| 260 | _aთბილისი | ||
| 260 | _bუნივერსალი | ||
| 260 | _c2016 | ||
| 300 | _a357გვ.20სმ. | ||
| 653 | _aისტორია,არქეოლოგია,ეთნოლოგია | ||
| 653 | _aსაერთაშორისო კონფერენციის მასალები | ||
| 653 | _aსამხრეთ-დასავლეთ საქართველო | ||
| 942 | _cBK | ||
| 999 |
_c51613 _d51613 |
||